• 首页
  • 本馆介绍
  • 公告通知
  • 最新文献
  • 馆藏检索
  • 电子资源
  • 读者导购
  • 参考咨询
  • 我的图书馆
  • 登录
  • 详细信息显示
  • 放入我的书架
  • 预约/预借图书
  • 作者相关作品
  • 分类相关作品
  • 丛书相关作品
  • 出版社相关作品

书目信息

  • 表格格式
  • 工作单格式
  • 卡片格式
题名:
包装设计原理
    
 
作者: 潘海生 , 李馥宁 , 杨倩 主编
分册:  
出版信息: 北京   北京理工大学出版社  2013.12
页数: 144页
开本: 27cm
丛书名:
单 册:
中图分类: TB482
科图分类:
主题词: 包装设计
电子资源:
ISBN: 978-7-5640-8250-5
000 01021nam0 2200277 450
001 0120141209939
005 20140528104930.98
010    @a978-7-5640-8250-5@dCNY59.00
100    @a20140123d2013 em y0chiy0110 ea
101 0  @achi
102    @aCN@b110000
105    @aa z 000yy
106    @ar
200 1  @a包装设计原理@9bao zhuang she ji yuan li@dPrinciples of packing design@f潘海生,李馥宁,杨倩主编@zeng
210    @a北京@c北京理工大学出版社@d2013.12
215    @a144页@c图@d27cm
330    @a本书共分为7章,对包装设计的基础知识、策略流程、各种包装的设计理念、包装设计中的视觉传达元素、创意思维、常用的构图原理、包装结构的分析与印刷工艺等方面进行了详细的论述。
333    @a艺术设计专业师生及艺术设计工作者、艺术爱好者
510 1  @aPrinciples of packing design@zeng
606 0  @a包装设计
690    @aTB482@v5
701  0 @a潘海生@9pan hai sheng@4主编
701  0 @a李馥宁@9li fu ning@4主编
701  0 @a杨倩@9yang qian@4主编
801  0 @aCN@b人天书店@c20140123
905    @b547634-36@dTB482@e234@f3
    
    包装设计原理=Principles of packing design/潘海生,李馥宁,杨倩主编.-北京:北京理工大学出版社,2013.12
    144页:图;27cm
    使用对象:艺术设计专业师生及艺术设计工作者、艺术爱好者
    
    ISBN 978-7-5640-8250-5:CNY59.00
    本书共分为7章,对包装设计的基础知识、策略流程、各种包装的设计理念、包装设计中的视觉传达元素、创意思维、常用的构图原理、包装结构的分析与印刷工艺等方面进行了详细的论述。
●
相关链接 在E读中查询图书 在五车中查询图书 在当当中查询图书 在豆瓣中查询图书


正题名:包装设计原理     索取号:TB482/234         预约/预借

序号 登录号 条形码 馆藏地/架位号 状态 备注
1 547634   205476340   第二样本阅览室/ [索取号:TB482/234] 在馆    
2 547635   205476359   第三借阅区/ [索取号:TB482/234] 在馆    
3 547636   205476368   密集书库-美术系/ [索取号:TB482/234] 在馆    
唐山师范学院图书馆 欢迎您!
大连网信软件有限公司© 版权所有